00823cas a22002294i 4500650003400000952009000034999001700124001001000141003001000151005001700161008004100178022001400219040004100233041000800274100002500282242006200307245005800369300004800427546002200475773008800497942000800585 0aBiografías cristianas91238 001040708HEMaFUSBCbFUSBCd2016-01-26l0o r2016-01-26 00:00:00w2016-01-26yANA c57485d57485768714001CO-MdFUSB20190815063837.0180525s1998 xxu||||| |||| 00| 0 eng d a1023-7380 aCO-MdFUSBbspacCO-MdFUSBdCO-MdFUSB aeng1 aMelhus, Kaareeautor aDr. Paul A. Cedar nuevo líder del movimiento de Lausana00aDr. Paul A. Cedar new leader of the Lousanne movement aNúmero 82 (1998) páginas 16-17c: 30 cm aTexto en inglés0 tWorld Evangelization049484961034gNúmero 82 (1998) páginas 16-17qPágina 16 cANA